Dôležité empirické poznatky z hodnotenia epidemickej situácie na Slovensku

Spoľahlivé hodnotenie vývoja epidemickej situácie je dôležitým predpokladom na správne manažovanie opatrení v boji proti šíreniu koronavírusu. Limity ukazovateľov kĺzavý medián a kĺzavý priemer počtu novo pozitívne testovaných osôb. Miera pozitívne testovaných ako kľúčový východiskový ukazovateľ pri...

ver descrição completa

Na minha lista:
Detalhes bibliográficos
Autor principal: Cár, Mikuláš
Formato: Capítulo de Livro
Idioma:eslovaco
Assuntos:
Tags: Adicionar Tag
Sem tags, seja o primeiro a adicionar uma tag!

MARC

LEADER 00000naa a2200000 4500
001 0279205
005 20211021082343.4
041 0 |a slo 
044 |a SK 
245 1 0 |a Dôležité empirické poznatky z hodnotenia epidemickej situácie na Slovensku  |c Mikuláš Cár 
520 |a Spoľahlivé hodnotenie vývoja epidemickej situácie je dôležitým predpokladom na správne manažovanie opatrení v boji proti šíreniu koronavírusu. Limity ukazovateľov kĺzavý medián a kĺzavý priemer počtu novo pozitívne testovaných osôb. Miera pozitívne testovaných ako kľúčový východiskový ukazovateľ pri hodnotení epidemickej situácie. 
610 2 0 |a pandémia 
610 2 0 |a koronakríza 
610 2 0 |a koronavírus 
610 2 0 |a ukazovatele štatistické 
100 1 |a Cár, Mikuláš